Statistiques concernant Gentilé des département de France (niveau difficile)

Cliquez ici pour prendre le quiz!

Statistiques générales

  • Ce quiz a été pris 28 fois
  • Le résultat moyen est 4 sur 15

Statistiques - réponses

HintRéponse% Correct
NièvreNivernais
55%
CherBerrichons
36%
YonneIcaunais
36%
AllierBourbonnais
32%
Ille et VilaineBretilliens
32%
Bouches du RhôneBucco Rhodaniens
32%
Indre et LoireTourangeaux
27%
Pyrénées AtlantiquesBéarnais
23%
Alpes MaritimeMaralpins
23%
Hauts de SeineAltoséquanais
18%
Loire AtlantiqueLoirains
18%
SommeSamariens
9%
Seine MaritimeSeinomarins
9%
Seine Saint DenisSéquano Dyonisiens
9%
EureEuréliens
5%

Distribution des résultats

Percentile par nombre de réponses

% des personnes avec chaque résultat

Votre développement - résultats

Vous n’avez pas pris ce quiz